000 00758nam a2200217Ii 4500
003 JO-AjNU
008 230605s9999||||xx |||||||||||||| ||und||
017 _a2006/6/1616
040 _aJO-AjNU
_bara
_erda
_cJO-AjNU
041 _aara
050 1 4 _aDS113.7.D87 2007
100 3 _aالترباني، ابو تركي شريف بن سليمان بن صباح ابو بكرة الجخيدبي,
_eauthor
_919166
245 0 0 _aذكر قبيلة الترابين في وثائق دير سانت كاترين
250 _aط1
264 3 1 _aعمان: دار البشير، 2007
300 _a92ص
336 _atext
_btxt
_2rdacontent
337 _aunmediated
_bn
_2rdamedia
338 _avolume
_bnc
_2rdacarrier
650 4 _aالانساب العربية
_919167
999 _aA6268
_c9836
_d9836